Das deutsche Bundeskabinett der 21. Legislaturperiode - Statistiken

Allgemein
  • Dieses Quiz wurde 26 mal gespielt
  • Das Durchschnittsergebnis liegt bei 8 aus 18
Antwortstatistiken
Hint Partei Minister % Korrekt
1. Bundeskanzler CDU Friedrich Merz
96%
5. Bundesminister der Finanzen/ Vizekanzler SPD Lars Klingbeil
96%
2. Bundesminister des Inneren CSU Alexander Dobrindt
88%
4. Bundesminister der Verteidigung SPD Boris Pistorius
88%
3. Bundesminister des Auswärtigen CDU Dr. Johann Wadephul
71%
10. Bundesministerin für Arbeit und Soziales SPD Bärbel Bas
67%
6. Bundesministerin für Wirtschaft und Energie CDU Katherina Reiche
63%
7. Bundesministerin für Forschung, Technologie und Raumfahrt CSU Dorothee Bär
46%
13. Bundesminister für Umwelt, Klima-, Naturschutz und nukleare Sicherheit SPD Carsten Schneider
33%
12. Bundesminister für Verkehr CDU Patrick Schneider
33%
9. Bundesministerin für Bildung, Familie, Senioren, Frauen und Jugend CDU Krain Prien
25%
14. Bundesministerin für Gesundheit CDU Nina Warken
25%
16 Bundesministerin für wirtschaftliche Zusammenarbeit und Entwicklung SPD Reem Alabali Radovan
25%
18. Bundesminister für besondere Aufgaben/ Chef des Bundeskanzleramts CDU Thorsten Frei
25%
15. Bundesminister für Landwirtschaft, Ernährung und Heimat CSU Alois Rainer
21%
11. Bundesminister für Digitales und Staatsmodernisierung CDU Dr. Karsten Wildberger
13%
8. Bundesministerin der Justiz und für Verbraucherschutz SPD Dr. Stefanie Hubig
13%
17. Bundesministerin für Wohnen, Stadtentwicklung und Bauwesen SPD Verena Hubertz
8%
Keine übereinstimmenden Quizze gefunden
Verteilung der Resultate
Anzahl Personen mit jedem Resultat
Perzentil nach korrekt beantworteten Fragen
Ihre Resultats-Entwicklung
Sie haben dieses Quiz noch nicht gespielt